000 00363nam a2200133Ia 4500
008 230917s9999||||xx |||||||||||||| ||und||
040 _e123005
_aMAIN
041 _aEnglish
082 _a333.336 M474T
100 _aMehta, Hitender
245 0 _aTaxmann's Law and Practice Relating to Special Economic Zones
260 _aNew Delhi
_bTaxmann
_c2007
942 _cBK
999 _c147580
_d147580